000 00220nam a22000857a 4500
999 _c4617
_d4617
008 161206b xxu||||| |||| 00| 0 eng d
100 _91871
_aAksakov. S
245 _aThe Little Scarlet Flower
260 _aMoscow
_bProgress
_c1976